The future of Europe : hearings before the Committee on Foreign Relations and the Subcommittee on European Affairs of the United States Senate, One Hundred First Congress, second session, December 13, 1989, January 17, February 1 and 22, March 1, 7, 21, 22, 28, and 29, May 9, and June 12, 1990.

Bibliographic Details
Corporate Authors: United States. Congress. Senate. Committee on Foreign Relations, ProQuest (Firm), United States. Congress. Senate. Committee on Foreign Relations. Subcommittee on European Affairs
Format: Government Document eBook
Language:English
Published: Washington : U. S. G.P.O., 1991.
Series:U.S. Congressional Hearings.
Subjects:
Online Access:Connect to the full text of this electronic book

MARC

Tag First Indicator Second Indicator Subfields
LEADER 00000cam a22000001a 4500
001 in00003290551
006 m d f
007 cr bn mmmapmmp
008 091022s1991 dcua o f000 0 eng d
005 20260504200634.4
035 |a cis2007459316 
040 |a UMI  |c UMI  |d UtOrBLW 
043 |a n-us--- 
074 |a 1039-A, 1039-B (MF) 
086 0 |a Y 4.F 76/2:S.hrg.101-1148 
099 |a HRG-1989-FOR-0019 
110 1 |a United States.  |b Congress.  |b Senate.  |b Committee on Foreign Relations. 
245 1 4 |a The future of Europe :  |b hearings before the Committee on Foreign Relations and the Subcommittee on European Affairs of the United States Senate, One Hundred First Congress, second session, December 13, 1989, January 17, February 1 and 22, March 1, 7, 21, 22, 28, and 29, May 9, and June 12, 1990. 
264 1 |a Washington :  |b U. S. G.P.O.,  |c 1991. 
300 |a 1 online resource. 
336 |a text  |b txt  |2 rdacontent 
337 |a computer  |b c  |2 rdamedia 
338 |a online resource  |b cr  |2 rdacarrier 
490 1 |a S. hrg. ;  |v 101-1148 
500 |a Record is based on bibliographic data in ProQuest Congressional Hearings Digital Collection. Reuse except for individual research requires license from ProQuest, LLC. 
538 |a System requirements: PDF reader software. 
500 |a Electronic resource. 
650 0 |a Economic assistance, American  |z Europe, Eastern. 
651 0 |a Europe, Eastern  |x Politics and government  |y 1989- 
651 0 |a United States  |x Foreign relations  |z Europe, Eastern. 
651 0 |a Europe, Eastern  |x Foreign relations  |z United States. 
651 0 |a United States  |x Foreign relations  |z Soviet Union. 
651 0 |a Soviet Union  |x Foreign relations  |z United States. 
655 7 |a Electronic books.  |2 local 
710 2 |a ProQuest (Firm) 
710 1 |a United States.  |b Congress.  |b Senate.  |b Committee on Foreign Relations.  |b Subcommittee on European Affairs. 
776 0 8 |i Print version:  |a United States. Congress. Senate. Committee on Foreign Relations.  |t Future of Europe  |w (DGPO)91066486  |w (OCoLC)23173429 
776 0 8 |i Microfiche version:  |a United States. Congress. Senate. Committee on Foreign Relations.  |t Future of Europe.  |d [Bethesda, Md.] : ProQuest,[2004]  |o CIS 91 S381-22  |w (ProQuest)cis09102353 
810 1 |a United States.  |b Congress.  |b Senate.  |t S. hrg. ;  |v 101-1148. 
830 0 |a U.S. Congressional Hearings. 
856 4 0 |u http://proxy.library.tamu.edu/login?url=https://congressional.proquest.com/congcomp/getdoc?HEARING-ID=HRG-1989-FOR-0019  |z Connect to the full text of this electronic book  |t 0 
998 |a cis09102353 
999 |a MARS 
999 f f |s 67a293c3-083c-3833-96a7-d265a7e40e0b  |i 3e56a4aa-440e-35ff-bbdf-5cde1f3350b5  |t 0 
952 f f |a Texas A&M University  |b College Station  |c Electronic Resources  |s www_evans  |d Available Online  |t 0  |e HRG-1989-FOR-0019  |h Other scheme 
998 f f |a HRG-1989-FOR-0019  |t 0  |l Available Online